000 00606cam a22002293a 4500
001 458
003 PGUSA
005 20140828082948.0
008 960301s1996||||xxu|||||s|||||000 p eng d
040 _aPGUSA
_beng
042 _adc
050 4 _aPS
100 1 _aMarquis, Don,
_d1878-1937
245 1 0 _aDreams and Dust
_h[electronic resource] /
_cDon Marquis
260 _bProject Gutenberg,
_c1996
506 _aPublic domain in the USA.
516 _aElectronic text
653 _aAmerican poetry
830 0 _aProject Gutenberg
_v458
856 4 0 _uhttp://www.gutenberg.org/ebooks/458
942 _cEB
999 _c229809
_d229809